Alle von Bhutan anerkannten Länder - Statistiken

Allgemein
  • Dieses Quiz wurde 25 mal gespielt
  • Das Durchschnittsergebnis liegt bei 36 aus 58
Antwortstatistiken
Antwort % Korrekt
Deutschland
95%
Indien
95%
Südkorea
91%
Japan
86%
Argentinien
82%
Australien
82%
Brasilien
82%
Indonesien
82%
Kanada
77%
Vietnam
77%
Armenien
73%
Dänemark
73%
Finnland
73%
Israel
73%
Mongolei
73%
Norwegen
73%
Schweden
73%
Spanien
73%
Ägypten
68%
Aserbaidschan
68%
Belgien
68%
Niederlande
68%
Saudi Arabien
68%
Bangladesch
64%
Kasachstan
64%
Kolumbien
64%
Myanmar
64%
Nepal
64%
Oman
64%
Pakistan
64%
Slowakei
64%
Thailand
64%
Afghanistan
59%
Bahrain
59%
Luxemburg
59%
Marokko
59%
Österreich
59%
Schweiz
59%
Serbien
59%
Slowenien
59%
Türkei
59%
Andorra
55%
Tschechien
55%
Katar
50%
Philippinen
50%
Polen
50%
Tadschikistan
50%
Singapur
45%
Vereinigte Arabische Emirate
45%
Kuba
41%
Malediven
41%
Fidschi
36%
Kuwait
36%
Sri Lanka
36%
Lesotho
32%
Costa Rica
27%
Eswatini
27%
Mauritius
23%
Keine übereinstimmenden Quizze gefunden
Verteilung der Resultate
Anzahl Personen mit jedem Resultat
Perzentil nach korrekt beantworteten Fragen
Ihre Resultats-Entwicklung
Sie haben dieses Quiz noch nicht gespielt